000 01253nam a22002537i 4500
999 _c22919
_d22919
003 AR-CdUCM
008 240522b20222022 pe||||| |||| 00| 0 spa d
020 _a978-612-49070-2-9
040 _aMUNICIPALIDAD PROVINCIAL DEL CUSCO
_cBIBLIOTECA MUNICIPAL DEL CUSCO
082 _a985.7 / E87
_bE87
100 _aEspinosa, Óscar.
_949971
245 _aEl nudo amazónico :
_bEl Perú y sus pueblos indígenas /
260 _aLima :
_bMinisterio de Cultura del Perú,
_bProyecto Especial Bicentenario de la Independencia del Perú,
_c2022
300 _a200 páginas. :
_c21 cm.
500 _zBibliografía: páginas 195 - 199
505 _a Una historia compleja de violencias y desconocimiento -- El siglo XXI: Un territorio bajo presión y amenaza -- Un Estado "ciego", "sordo" y precario -- La situación actual de los pueblos indígenas y sus demandas
650 _aUna historia compleja de violencias y desconocimiento
_949972
650 _aEl siglo XXI: Un territorio bajo presión y amenaza
_949973
650 _aUn Estado "ciego", "sordo" y precario
_949974
650 _aLa situación actual de los pueblos indígenas y sus demandas
_949975
856 _fwww.bicentenario.gob.pe/biblioteca
942 _2ddc
_cLIBROS
945 _apbj
_d2024-05-22